Interne Unternehmensrechnung
Gespeichert in:
| 1. Verfasser: | |
|---|---|
| Weitere Verfasser: | |
| Format: | Buch |
| Sprache: | Deutsch |
| Veröffentlicht: |
Berlin
Springer
1993
|
| Ausgabe: | 1. Aufl. |
| Schlagworte: | |
| Tags: |
Keine Tags, Fügen Sie das erste Tag hinzu!
|
MARC
| LEADER | 00000nam a2200000 4500 | ||
|---|---|---|---|
| 001 | c005774 | ||
| 005 | 20221206074609.6 | ||
| 020 | |a 3-540-57175-2 | ||
| 041 | 0 | |a ger | |
| 044 | |a DE | ||
| 245 | 1 | 0 | |a Interne Unternehmensrechnung |c Ralf Ewert, Alfred Wagenhofer |
| 250 | |a 1. Aufl. | ||
| 264 | 1 | |a Berlin |b Springer |c 1993 | |
| 300 | |a 649 s. | ||
| 610 | 2 | 0 | |a podnik |
| 610 | 2 | 0 | |a náklady |
| 610 | 2 | 0 | |a výkony podnikové |
| 610 | 2 | 0 | |a rozhodovanie strategické |
| 610 | 2 | 0 | |a kontrola |
| 610 | 2 | 0 | |a modely |
| 610 | 2 | 0 | |a koordinácia |
| 610 | 2 | 0 | |a rozpočtovníctvo |
| 610 | 2 | 0 | |a investície |
| 610 | 2 | 0 | |a ceny |
| 610 | 2 | 0 | |a produkcia |
| 100 | 1 | |a Ewert, Ralf | |
| 700 | 1 | |a Wagenhofer, Alfred | |